Du lịch Á - Âu - Mỹ

Enregistré dans:
Détails bibliographiques
Auteur principal:  Trần Đình Ba
Format: Sách
Langue:Undetermined
Publié:  Văn hoá - Thông tin  2011
Sujets:
Tags: Ajouter un tag
Pas de tags, Soyez le premier à ajouter un tag!
Thư viện lưu trữ: Trung tâm Thư viện - Trường Đại học Công nghiệp TP. Hồ Chí Minh
LEADER 00480nam a2200157Ia 4500
001 UIH_07022
008 231011s9999 xx 000 0 und d
082 |a  910.91 
100 |a  Trần Đình Ba 
245 0 |a  Du lịch Á - Âu - Mỹ 
245 0 |c  Trần Đình Ba 
260 |b  Văn hoá - Thông tin 
260 |c  2011 
650 |a  Du lịch;  
927 |a Sách 
980 |a Trung tâm Thư viện - Trường Đại học Công nghiệp TP. Hồ Chí Minh